000 00959cab a2200337 4500
001 ABS48928
008 090401t1993 xxu||||| |||| 00| 0 eng d
035 _a(Sirsi) u69161
041 _aeng
245 _aCentrefolio: Yorks & Humberside
260 _c1993
350 _a0
490 _aCSW - The Property Week
_v44(1) 1 July 1993, 25-49(12)
650 _aBARNSLEY
650 _aDEARNE VALLEY
650 _aDONCASTER
650 _aHULL
650 _aHUMBERSIDE
650 _aINDUSTRIAL MARKET
650 _aInfrastructure
_96246
650 _aPROPERTY-COMMERCIAL PROPERTY-OFFICE PROPERTY-OFFICE PROPERTY MARKET
650 _aPROPERTY-COMMERCIAL PROPERTY-RETAIL PROPERTY-RETAIL PROPERTY MARKET
650 _aROTHERHAM
650 _aSCUNTHORPE
650 _aSHEFFIELD
650 _aSOUTH YORKSHIRE
650 _aYORKSHIRE
690 _aPROPERTY-COMMERCIAL PROPERTY-COMMERCIAL PROPERTY MARKET
942 _n0
948 _c04/03/1997
999 _c43442
_d43442